000 00691nam a2200205 a 4500
005 20140310183441.0
008 080509s19uu xx 00 eng d
020 _a0415394279
050 _aLB 1031
_b.D35 2006
100 _aDean, Joan
245 _aMeeting the learning needs of all children :
_bpersonalised learning in the primary school /
_cJoan Dean
260 _aGreat Britain :
_bRoutledge Taylor & Francis Group,
_c2006.
300 _a90 p. :
_c30 cm.
521 _aEDU
650 _aIndividualized instruction
_xGreat Britain.
650 _aEducation, Elementary
_xGreat Britain.
650 _aMulticultural education
_xGreat Britain.
942 _cBK
_2lcc
_kFOR
999 _c23090
_d23090